1611 1912 1829 1336 1389 1801 1660 1478 1265 1200 1783 1928 1903 1315 1632 1979 1621 1634 1990 1154 1089 1041 1644 1482 1389 1446 1001 1294 1720 1539 1165 1595 1407 1236 1200 1775 1346 1039 1336 1899 1204 1898 1720 1110 1801 1791 1166 1753 1616 1970 1380 1105 1562 1716 1667 1624 1961 1076 1713 1118 1836 1480 1296 1576 1221 1728 1290 1327 1979 1750 1658 1517 1896 1297 1781 1122 1326 1619 1834 1534 1740 1656 1095 1882 1025 1721 1006 1301 1831 1511 1014 1227 1234 1962 1039 1123 1758 1810 1762 BCNSPRNW ULIB Ver.6.0+V

เปลี่ยนเป็นภาษาไทย

Change to English
 แสดงรายละเอียดบรรณานุกรม
  กลับหน้าหลัก

Brief Record : Get Marc (ISO 2709) : E-mail record : QR code < ปิดหน้าต่าง
LEADER : 00000nam 2200000uu 4500
001    13399110439
003     ULIB
008    110530s2006||||th 000 0 eng d
020    0911910182
022    0076-6526
060 04 WB100^bM555 2006
245 04 The Merck manual of diagnosis and therapy /^ceditors, MarkH. Beers ... [et al.]
250    18th ed.
260    Whitehouse Station, N.J. :^bMerck Research Laboratories,^c2006
300    xxxii, 2991 p. ;^c21 cm.
650  2 Diagnosis^vhandbooks
650  2 Drugs Therapy^vhandbooks
700 1  Beers, Mark H.,^eed.
710 2  Merck Research Laboratories
945    ^p0^l0^i030097
995    Kesorn
999 ^a ใช้งานได้ทุกระบบ
รายการนี้ยังไม่มีแท็ก
คุณยังไม่ได้ล็อกอิน คุณสามารถมีกิจกรรมร่วมกับเว็บไซต์ได้ แต่ต้องล็อกอินก่อน ::
  ล็อกอิน

รายการสื่อสารสนเทศ

ลำดับที่ ประเภท เลขเรียก/บาร์โค้ด สถานที่ สถานะ
- ไม่พบข้อมูล -

BibComment


ยังไม่เคยถูกคอมเมนท์

คอมเมนท์ทรัพยากรรายการนี้
  คอมเมนท์: The Merck manual ..


 Copyright 2026. Bcnsprnw @Library